Which Levantine Country… - Statistics

General Stats
  • This quiz has been taken 11 times
  • The average score is 15 of 24
Answer Stats
Hint Answer % Correct
…uses the euro as its currency? Cyprus
100%
…is the Suez Canal found in? Egypt
100%
…changed its flag following the overthrow of Bashar al-Assad? Syria
100%
…bears the cedar tree on its flag? Lebanon
90%
…is not a member of the UN and not globally recognized? Palestine
90%
…fought a brutal civil war from 2011 to 2024? Syria
90%
…is divided into the Greek-speaking south and the Turkish-speaking north? Cyprus
80%
…is home to the ancient, rock-cut city of Petra? Jordan
80%
…is named for the river which it borders, whose waters are believed to be the site of Jesus’ baptism? Jordan
80%
…did the Phoenicians originate? Lebanon
80%
…was the site of a massive explosion in 2020 that killed 218 people and injured over 7,000? Lebanon
80%
…merged with Egypt to form the United Arab Republic in 1958, but left in 1961? Syria
80%
…is divided into the Gaza strip and the West Bank? Palestine
70%
…has won more Nobel Prizes than all other Middle-Eastern countries combined? Israel
60%
…was the birthplace of Aphrodite, according to Greek legend? Cyprus
50%
…are online freelance marketplace Fiverr and web-development company Wix based in? Israel
50%
…did Krav Maga originate in? Israel
50%
…fought a brutal civil war from 1975 to 1990? Lebanon
50%
…was once gifted to Cleopatra by Roman general Mark Antony? Cyprus
40%
…is the origin of the alphabet? Lebanon
40%
…does the Euphrates River flow through? Syria
40%
…has the most museums per capita in the world? Israel
20%
…did the Druze faith originate? Egypt
10%
…were the Dead Sea Scrolls found in? Palestine
10%
No matching quizzes found
Score Distribution
Percent of People with Each Score
Percentile by Number Answered
Your Score History
You have not taken this quiz